Előadások a vallás és az ateizmus történetéről 1. [köt.].
Elmentve itt :
| Szerző: | |
|---|---|
| Testületi szerző: | |
| További közreműködők: | |
| Adatforrás: | Philobibl |
| Dokumentumtípus: | Kötet |
| Nyelv: | magyar |
| LEADER | 00511nad a22001451cc4500 | ||
|---|---|---|---|
| 001 | bibPHI0040075aa | ||
| 005 | 20200924124252.5 | ||
| 008 | 100323s1960 hu 000 0 hun d | ||
| 100 | 2 | |a Trencsényi-Waldapfel Imre | |
| 245 | 1 | 0 | |a Előadások a vallás és az ateizmus történetéről |n 1. [köt.]. |c Trencsényi-Waldapfel Imre, Dobrovits Aladár, Hahn István |
| 300 | |a 88 p. | ||
| 700 | 1 | |a Dobrovits Aladár | |
| 700 | 1 | |a Hahn István | |
| 710 | 2 | |a Eötvös Loránd Tudományegyetem (Budapest) |4 közread. | |
| 773 | 0 | |w bibPHI0040075 | |